| 000 | 00486 a2200109 4500 | ||
|---|---|---|---|
| 001 | ART_58848 | ||
| 005 | 20260410161610.0 | ||
| 008 | 260409a | ||
| 245 | 1 | 0 | _aAlgunas diferencias y similitudes entre la Norma Unificada Argentina de Contabilidad (NUA) y las Normas Internacionales de Información Financiera (NIIF). Medición posterior de activos y pasivos |
| 100 | 1 | _aZgaib, Alfredo O. | |
| 773 | 0 |
_tProfesional & Empresaria _g- Año XXV, Nº 286 (jul. 2023) _wREV70 |
|
| 999 |
_c10579 _d10579 |
||